Datum a čas kvízu
25.5
Celkem bodů
Celkový počet nahraných bodů na tomto kvízu bez doplňovacích otázek.
13.
Pořadí na kvízu
Konečné umístění týmu na tomto kvízu.
Zaznamenané odpovědi
| # | Otázka | Odpověď | Body | Výsledky |
|---|---|---|---|---|
| 1. | Minulý týden navštívil Českou... | Mike Pompeo | 1 | |
| 2. | V oregonském Portlandu se daří... | lama | 0 | |
| 3. | Televize Nova postupně odkrývá... | Erika Stárková, Albert Černý | 0.5 | |
| 4. | Z Obchodu Play a App Store byl... | Fortnite | 0 | |
| 5. | Na mítinku Diamantové ligy v M... | Joshua Cheptegei | 0 | |
| 6. | Nedávno jsme se zabývali různý... | Břetislav I. a Jitka (Gutta ze Schweinfurtu) | 1 | |
| 7. | Dne 24. července roku 1177 uza... | Fridrich I. Barbarossa (Rudovous) | 1 | |
| 8. | Dalším špičatým letopočtem v n... | Albrecht Dürer | 1 | |
| 9. | Dostáváme se do novověku, konk... | Anna Stuartovna | 0 | |
| 10. | Dne 30. dubna 1777 se narodil... | Carl Friedrich Gauss | 0 |